000 00728nam a2200217Ii 4500
003 JO-AjNU
008 230606s9999||||xx |||||||||||||| ||und||
020 _a978-81-317-2568-9
040 _aJO-AjNU
_beng
_erda
_cJO-AjNU
041 _aeng
050 1 4 _aHF5549.2.U5.M66 2009
100 3 _aMondy,R.Wayne ؛Collaboration: Judy Bandy Mondy,
_eauthor
_9280
245 0 0 _aHuman Resource Management
250 _a1 ed
264 3 1 _aIndia:Pearson Education,2009
300 _a436p
_bglossary(411-418p),name indexes(419-423p),company index(424-425p),subject index(426-436p)
336 _atext
_btxt
_2rdacontent
337 _aunmediated
_bn
_2rdamedia
338 _avolume
_bnc
_2rdacarrier
650 4 _aHuman Resource Management
_9281
999 _aE146
_c146
_d146